[Event "TSG OberschÃ¶neweide-SC Weisse Dame"]
[Site "?"]
[Date "2024.09.07"]
[Round "1.1"]
[White "Kryvak, Mariia"]
[Black "Bayer, Klara"]
[Result "0-1"]
[WhiteElo "1138"]
[BlackElo "1467"]
[Board "1"]
[WhiteTeam "SC Weisse Dame"]
[BlackTeam "TSG OberschÃ¶neweide"]
[Annotator "Rnd./Pair./Board: 01.001.01"]

1.e4 c5 2.Nc3 d6 3.Nf3 Nf6 4.d4 cxd4 5.Qxd4 a6 6.e5 Nc6 7.Qd3 Nxe5 8.Nxe5 
dxe5 9.Qxd8+ Kxd8 10.Bc4 e6 11.Be3 Kc7 12.Na4 Bb4+ 13.c3 Be7 14.O-O-O b5 
15.Nb6 Rb8 16.Nxc8 Rhxc8 17.Be2 h6 18.Bf3 Rd8 19.Rde1 Rbc8 20.Re2 e4 21.
Bf4+ Bd6 22.Bxd6+ Rxd6 23.Bxe4 Nxe4 24.Rxe4 Rd7 25.Rhe1 Re8 26.Rg4 f6 27.
f4 Ree7 28.Rg6 Kd8 29.Kc2 Ke8 30.g4 Kf7 31.f5 e5 32.Kb3 a5 33.a3 Rd2 34.h4
Rh2 35.h5 Rd2 36.Re4 Rf2 37.Re3 Rd7 38.c4 bxc4+ 39.Kxc4 Rxb2 40.Kc3 Rb8 
41.Re4 Rc7+ 42.Kd2 Rd8+ 43.Ke2 Rc2+ 44.Kf3 Rd3+ 45.Re3 Rxe3+ 46.Kxe3 Rc3+ 
47.Kd2 Rxa3 48.Kc2 e4 49.Kd2 Rg3 50.Kc2 a4 51.Kb2 a3+ 52.Kc2 e3 53.Kc1 Rg2
54.Kd1 a2 55.Kc1 a1=Q# 0-1

[Event "TSG OberschÃ¶neweide-SC Weisse Dame"]
[Site "?"]
[Date "2024.09.07"]
[Round "1.2"]
[White "Ruddat, Maila"]
[Black "Andreeva, Katharina"]
[Result "1-0"]
[WhiteElo "1125"]
[BlackElo "1005"]
[Board "2"]
[WhiteTeam "TSG OberschÃ¶neweide"]
[BlackTeam "SC Weisse Dame"]
[Annotator "Rnd./Pair./Board: 01.001.02"]

1.e4 c5 2.Nf3 d6 3.d4 cxd4 4.Nxd4 Nf6 5.Nc3 a6 6.Be3 g6 7.h3 Bg7 8.Qd2 h6 
9.Be2 Bd7 10.a3 Nc6 11.Rd1 Qc7 12.Qd3 O-O 13.O-O b5 14.Qd2 Rfb8 15.Bxh6 b4
16.Bxg7 Kxg7 17.axb4 Rxb4 18.Nf3 Rxb2 19.Rb1 Rbb8 20.Rxb8 Rxb8 21.Bxa6 Qa5
22.Bd3 Be6 23.Re1 Nd7 24.Nd5 Qxd2 25.Nxd2 Bxd5 26.exd5 Nce5 27.f4 Nxd3 28.
cxd3 Kf6 29.g4 e5 30.fxe5+ Nxe5 31.Nc4 Nxd3 32.Re3 Nf4 33.Rf3 Kg5 34.Nxd6 
Rb1+ 35.Kf2 Rb2+ 36.Ke1 Re2+ 37.Kf1 Rh2 38.Nxf7+ Kh4 39.Rxf4 Kxh3 40.d6 
Kg3 41.Rf3+ 1-0

[Event "TSG OberschÃ¶neweide-SC Weisse Dame"]
[Site "?"]
[Date "2024.09.07"]
[Round "1.3"]
[White "Helbig, Frieda"]
[Black "Ulianova, Anna"]
[Result "0-1"]
[WhiteElo "983"]
[BlackElo "1092"]
[Board "3"]
[WhiteTeam "SC Weisse Dame"]
[BlackTeam "TSG OberschÃ¶neweide"]
[Annotator "Rnd./Pair./Board: 01.001.03"]

1.e4 e5 2.Nf3 Nc6 3.Bb5 Nd4 4.Nxd4 exd4 5.d3 a6 6.Bc4 d6 7.O-O Nf6 8.Bg5 
h6 9.Bf4 Ng4 10.h3 Ne5 11.Re1 Be7 12.Nd2 Bg5 13.Bg3 h5 14.f4 Nxc4 15.Nxc4 
Bh4 16.Qf3 Rh6 17.e5 d5 18.Nd2 c6 19.Nf1 g5 20.f5 Qe7 21.Bxh4 gxh4 22.f6 
Qf8 23.Qf4 Rg6 24.Qxh4 Qg8 25.g3 Be6 26.Re2 O-O-O 27.Rg2 Qh7 28.g4 Rdg8 
29.Nh2 Qh6 30.Qe1 hxg4 31.h4 g3 32.Nf3 Bd7 33.Rc1 Bh3 34.Re2 Rg4 35.c3 Rf4
36.Qd2 Rgg4 37.Nxd4 Qxh4 38.Rce1 Rf2 39.Qe3 Bg2 40.e6 Qh1# 0-1

[Event "TSG OberschÃ¶neweide-SC Weisse Dame"]
[Site "?"]
[Date "2024.09.07"]
[Round "1.4"]
[White "Rabus, Luise"]
[Black "Dinges, Mara"]
[Result "0-1"]
[WhiteElo "997"]
[BlackElo "752"]
[Board "4"]
[WhiteTeam "TSG OberschÃ¶neweide"]
[BlackTeam "SC Weisse Dame"]
[Annotator "Rnd./Pair./Board: 01.001.04"]

1.e4 e5 2.Nf3 Nc6 3.Bc4 Bc5 4.c3 d6 5.h3 Nf6 6.d3 Qe7 7.O-O O-O 8.Re1 Be6 
9.Bb3 a6 10.Nbd2 b5 11.Nf1 a5 12.Ng3 b4 13.Nh2 a4 14.Bxe6 Qxe6 15.Rb1 a3 
16.bxa3 bxa3 17.Qf3 Qxa2 18.Bg5 Ne8 19.Ra1 Qb2 20.Nf5 Qxc3 21.Qg3 a2 22.
Be7 Nxe7 23.Nxe7+ Kh8 24.Nf5 Ba3 25.Ng4 Bb2 26.Rxa2 Rxa2 27.f3 Bc1 28.Qh4 
Qc2 29.Nf2 Qxf2+ 30.Qxf2 Rxf2 31.Kxf2 Ba3 32.Ra1 Bb2 33.Ra8 Bd4+ 34.Kg3 g6
35.Ne7 Kg7 36.Nd5 c5 37.Nc7 Nxc7 38.Ra7 Nb5 39.Ra5 Nc3 40.Ra6 Rd8 41.h4 d5
42.Kg4 dxe4 43.dxe4 c4 44.Rc6 f5+ 45.exf5 gxf5+ 46.Kxf5 Rf8+ 47.Kg4 Rf4+ 
48.Kg3 Ne2+ 49.Kh3 c3 50.Rc7+ Kg6 51.Rc6+ Kf5 52.g3 Rxf3 53.Rc7 Rxg3+ 54.
Kh2 Kf4 55.Rf7+ Ke3 56.Rxh7 c2 57.Rc7 c1=Q 58.Rxc1 Nxc1 59.h5 Kf2 60.h6 e4
61.h7 e3 62.h8=Q Bxh8 63.Kh1 Rh3# 0-1

[Event "SV "Eintracht" TangerhÃ¼tte-SAV Torgelow-DrÃ¶geheide 90"]
[Site "?"]
[Date "2024.09.07"]
[Round "1.1"]
[White "Briese, Sophie"]
[Black "Kasten, Luna Seraphine"]
[Result "1-0"]
[WhiteElo "1356"]
[BlackElo "956"]
[Board "1"]
[WhiteTeam "SAV Torgelow-DrÃ¶geheide 90"]
[BlackTeam "SV "Eintracht" TangerhÃ¼tte"]
[Annotator "Rnd./Pair./Board: 01.002.01"]

1.e4 d5 2.exd5 c6 3.Nc3 e6 4.Nf3 exd5 5.d4 c5 6.Be3 c4 7.g3 Bb4 8.a3 Bxc3+
9.bxc3 Nf6 10.Bd2 O-O 11.Bg2 Qe7+ 12.Ne5 Bg4 13.f3 Bd7 14.O-O Nc6 15.Re1 
Qd6 16.Bf4 Nh5 17.Nxf7 Qf6 18.Ne5 Nxf4 19.gxf4 Qxf4 20.Nxd7 Rf5 21.Qe2 a5 
22.Rab1 Ra7 23.Qe8+ Rf8 24.Nxf8 Qxf8 25.Qe6+ Kh8 26.Qe8 Ra8 27.Qxf8+ Rxf8 
28.Rxb7 Nd8 29.Rd7 1-0

[Event "SV "Eintracht" TangerhÃ¼tte-SAV Torgelow-DrÃ¶geheide 90"]
[Site "?"]
[Date "2024.09.07"]
[Round "1.2"]
[White "BÃ¶rner, Martha"]
[Black "Subocz, Barbara"]
[Result "1-0"]
[WhiteElo "1128"]
[BlackElo "1230"]
[Board "2"]
[WhiteTeam "SV "Eintracht" TangerhÃ¼tte"]
[BlackTeam "SAV Torgelow-DrÃ¶geheide 90"]
[Annotator "Rnd./Pair./Board: 01.002.02"]

1.e4 c5 2.c4 d6 3.Nf3 Nf6 4.Nc3 g6 5.d4 cxd4 6.Qxd4 Bg7 7.e5 Nc6 8.Qd1 
Nxe5 9.Nxe5 dxe5 10.Qxd8+ Kxd8 11.Bg5 h6 12.Rd1+ Ke8 13.Be3 Be6 14.c5 Rc8 
15.Bb5+ Kf8 16.O-O Kg8 17.a3 a6 18.Ba4 Kh7 19.h3 Rc7 20.f4 exf4 21.Rxf4 
Rf8 22.b4 Nh5 23.Rff1 Bxc3 24.g4 Ng3 25.Rf3 Ne4 26.Bc2 f5 27.Bxe4 Bg7 28.
gxf5 gxf5 29.Bd5 Rd7 30.Bb3 Rxd1+ 31.Bxd1 Be5 32.Bf4 Rg8+ 33.Kf2 Bd4+ 34.
Be3 Bxe3+ 35.Rxe3 Rg6 36.Bc2 Rf6 37.a4 Kg7 38.b5 axb5 39.axb5 f4 40.Re1 
Kf8 41.c6 b6 42.Ra1 Kg7 43.Ra8 Rf8 44.Ra7 Kf6 45.Rb7 Rd8 46.Be4 Bxh3 47.c7
Rd2+ 48.Kf3 Bg2+ 49.Kxf4 Bh3 50.Rxb6+ Kg7 51.Rg6+ Kf8 52.b6 Rf2+ 53.Kg3 
Bc8 54.Kxf2 e5 55.b7 Bxb7 56.Bxb7 1-0

[Event "SV "Eintracht" TangerhÃ¼tte-SAV Torgelow-DrÃ¶geheide 90"]
[Site "?"]
[Date "2024.09.07"]
[Round "1.3"]
[White "Subocz, Emma"]
[Black "Voitenko, Anastasiia"]
[Result "1-0"]
[WhiteElo "1059"]
[BlackElo "785"]
[Board "3"]
[WhiteTeam "SAV Torgelow-DrÃ¶geheide 90"]
[BlackTeam "SV "Eintracht" TangerhÃ¼tte"]
[Annotator "Rnd./Pair./Board: 01.002.03"]

1.e4 d5 2.exd5 c6 3.dxc6 Qc7 4.d4 bxc6 5.Nf3 c5 6.d5 Bb7 7.c4 e6 8.Qe2 Be7
9.Qd1 exd5 10.cxd5 Nf6 11.Bb5+ Nbd7 12.Nc3 c4 13.O-O Bb4 14.Re1+ Be7 15.d6
Qb6 16.Rxe7+ Kf8 17.Bxd7 h5 18.h3 Qc5 19.Re5 Qb6 20.Bg5 Ng4 21.hxg4 hxg4 
22.Bxg4 Qxb2 23.Be7+ Ke8 24.d7# 1-0

[Event "SV "Eintracht" TangerhÃ¼tte-SAV Torgelow-DrÃ¶geheide 90"]
[Site "?"]
[Date "2024.09.07"]
[Round "1.4"]
[White "Trommershausen, Charlotte"]
[Black "Zietz, Leni"]
[Result "0-1"]
[WhiteElo "757"]
[BlackElo "969"]
[Board "4"]
[WhiteTeam "SV "Eintracht" TangerhÃ¼tte"]
[BlackTeam "SAV Torgelow-DrÃ¶geheide 90"]
[Annotator "Rnd./Pair./Board: 01.002.04"]

1.c3 d5 2.e4 {[%emt 0:00:00]} 2...Nf6 3.exd5 Nxd5 4.c4 Nf6 5.c5 Bd7 6.Bc4 
e6 7.g4 Bxc5 8.g5 Ne4 9.Bd3 Bc6 10.f3 Nf2 11.Qc2 Nxd3+ 12.Kd1 Na6 13.g6 
Nf2+ 14.Ke1 Nxh1 15.Qc4 Qd5 16.Qf4 hxg6 17.Nh3 Rxh3 18.Qg4 Qxf3 19.Qxf3 
Bxf3 20.Nc3 Rxh2 21.Nb5 O-O-O 22.d4 Bxd4 23.Bg5 Rd5 24.Rc1 Rxg5 25.Nxa7+ 
Bxa7 26.Kf1 Rg1# 0-1

[Event "Schachzwerge Magdeburg-Elmshorner SC von 1896"]
[Site "?"]
[Date "2024.09.07"]
[Round "1.2"]
[White "Hleizer, Ahata"]
[Black "Hirtzel, Hanna Meiki"]
[Result "1-0"]
[WhiteElo "1009"]
[BlackElo "1494"]
[Board "2"]
[WhiteTeam "Schachzwerge Magdeburg"]
[BlackTeam "Elmshorner SC von 1896"]
[Annotator "Rnd./Pair./Board: 01.003.02"]
[WhiteElo "1299"]
[BlackElo "1013"]

1.e4 d5 2.exd5 Qxd5 3.Nc3 Qa5 4.d4 c6 5.Bd2 Qc7 6.Nf3 Bf5 7.Be2 Nf6 8.Ne5 
e6 9.Bf4 Qb6 10.Nc4 Qd8 11.Qd2 c5 12.dxc5 Qxd2+ 13.Kxd2 Bxc5 14.f3 O-O 15.
Rad1 Rd8+ 16.Kc1 Nc6 17.h4 Nd4 18.g4 Bxc2 19.Rd2 Nxe2+ 20.Nxe2 Ba4 21.b3 
Bb5 22.Rc2 Rac8 23.Rd1 Rxd1+ 24.Kxd1 Bb4 25.Bd2 Rd8 26.Ke1 Bxd2+ 27.Nxd2 
Nd5 28.Rc5 Ba6 29.Kf2 Nb4 30.Rc7 f5 31.Nf1 fxg4 32.Nfg3 Rd2 33.fxg4 Rxa2 
34.g5 Bxe2 35.Nxe2 b5 36.h5 h6 37.g6 Kf8 38.Rf7+ Ke8 39.Rxg7 a5 40.Rb7 a4 
41.bxa4 Nd3+ 42.Ke3 Nc5 43.g7 Nxb7 44.g8=Q+ Ke7 45.Qg7+ Kd6 46.Qxb7 bxa4 
47.Qb4+ Kd7 48.Qb1 Ra3+ 49.Kf2 Rb3 50.Qa2 Rb4 51.Qd2+ Ke7 52.Qxb4+ Kf6 53.
Qxa4 Kf5 54.Ng3+ Kg5 55.Qb5+ Kf6 56.Qc6 Kf7 57.Qd6 Kf6 58.Qd4+ e5 59.Qd6+ 
Kf7 60.Ne4 Kg7 61.Qxe5+ Kf7 62.Qf6+ Ke8 63.Nd6+ Kd7 64.Nf5 Kc7 65.Qd6+ Kb7
66.Ke3 Ka7 67.Kd4 Kb7 68.Kc5 Ka7 69.Kc6 Ka6 70.Qa3# 1-0

[Event "Schachzwerge Magdeburg-Elmshorner SC von 1896"]
[Site "?"]
[Date "2024.09.07"]
[Round "1.3"]
[White "Hirtzel, Amelie Meiyan"]
[Black "Litvinchuk, Mariia"]
[Result "1-0"]
[WhiteElo "882"]
[BlackElo "957"]
[Board "3"]
[WhiteTeam "Elmshorner SC von 1896"]
[BlackTeam "Schachzwerge Magdeburg"]
[Annotator "Rnd./Pair./Board: 01.003.03"]

1.d4 d5 2.c4 e6 3.Nc3 Nf6 4.Bf4 Bb4 5.e3 Ne4 6.Qc2 Bd7 7.a3 Ba5 8.b4 Nxc3 
9.Qxc3 Bb6 10.c5 c6 11.cxb6 Qxb6 12.Bd3 a5 13.Bd6 Qd8 14.Nf3 Qf6 15.O-O 
Na6 16.bxa5 c5 17.Bxc5 Nxc5 18.Qxc5 Qe7 19.Qxe7+ Kxe7 20.Ne5 Ba4 21.Rfb1 
Rhb8 22.h3 Rxa5 23.g4 f6 24.Nf3 Bd7 25.Kf1 b5 26.a4 b4 27.Bc2 b3 28.Rxb3 
Rxb3 29.Bxb3 Bb5+ 30.Ke1 Bc4 31.Bxc4 dxc4 32.Kd2 e5 33.dxe5 fxe5 34.Nxe5 
Rxe5 35.Kc3 Rc5 36.Kb4 Rc7 37.a5 c3 38.Rc1 Kd8 39.a6 Kc8 40.Kb5 Kb8 41.f4 
g6 42.h4 c2 43.h5 gxh5 44.gxh5 h6 45.e4 Re7 46.e5 Rf7 47.Rxc2 Rxf4 48.Kb6 
Rb4+ 49.Ka5 Re4 50.Kb6 Rb4+ 51.Kc6 Ra4 52.Kb5 Ra3 53.e6 Re3 54.Rc6 Rb3+ 
55.Kc5 Rc3+ 56.Kd6 Rd3+ 57.Kc5 Rc3+ 58.Kd5 Rd3+ 59.Ke5 Re3+ 60.Kf6 Rf3+ 
61.Kg6 Rg3+ 62.Kxh6 Re3 63.Kh7 Rf3 64.h6 Rf6 65.Kg7 Rf4 66.h7 Rg4+ 67.Kf7 
Rf4+ 68.Ke7 Rh4 69.Kd7 Rxh7+ 70.e7 Rh8 71.e8=Q+ Rxe8 72.Kxe8 Ka7 73.Rc7+ 
Kxa6 74.Rc5 Kb6 75.Rh5 Kc6 76.Rh7 Kd5 77.Rh6 Kc4 78.Rh5 Kd4 79.Ke7 Kc3 80.
Rh4 Kd3 81.Ke6 Ke2 82.Rh3 Kf2 83.Ke5 Kg2 84.Ra3 Kf1 85.Ra2 Ke1 86.Kf4 Kd1 
87.Ke3 Kc1 88.Kd3 Kb1 89.Rh2 Kc1 90.Rg2 Kb1 91.Kc3 Kc1 92.Rg1# 1-0

[Event "Schachzwerge Magdeburg-Elmshorner SC von 1896"]
[Site "?"]
[Date "2024.09.07"]
[Round "1.4"]
[White "Lahne, Frida"]
[Black "Jafari, Morssal"]
[Result "0-1"]
[WhiteElo "865"]
[BlackElo "780"]
[Board "4"]
[WhiteTeam "Schachzwerge Magdeburg"]
[BlackTeam "Elmshorner SC von 1896"]
[Annotator "Rnd./Pair./Board: 01.003.04"]

1.e4 d5 2.e5 e6 3.Nf3 c6 4.d4 Nd7 5.Nc3 c5 6.Be3 Be7 7.Be2 b6 8.O-O Nb8 9.
a3 Nc6 10.Bb5 Bd7 11.Bxc6 Bxc6 12.h3 b5 13.dxc5 Qc7 14.a4 a6 15.Qd4 f6 16.
exf6 Bxf6 17.Qg4 Qd7 18.Bg5 bxa4 19.Rfe1 e5 20.Nxe5 Qxg4 21.Nxg4+ Ne7 22.
Nxf6+ gxf6 23.Bxf6 Rg8 24.Rxe7+ Kf8 25.Nxa4 Re8 26.Rc7 Re6 27.Bh4 d4 28.
Nb6 Rxg2+ 29.Kf1 Rh2 30.Nd7+ Kg8 31.b3 Rh1# 0-1

[Event "SV Hellas Nauen-SchVgg Blankenese von 1923"]
[Site "?"]
[Date "2024.09.07"]
[Round "1.1"]
[White "Busch, Lara Sophie"]
[Black "Pygoch, Lene"]
[Result "1-0"]
[WhiteElo "1616"]
[BlackElo "910"]
[Board "1"]
[WhiteTeam "SchVgg Blankenese von 1923"]
[BlackTeam "SV Hellas Nauen"]
[Annotator "Rnd./Pair./Board: 01.004.01"]

1.e4 e5 2.Nf3 Nc6 3.Bc4 Bc5 4.c3 Nf6 5.d3 O-O 6.O-O d6 7.Bb3 Be6 8.Nbd2 
Bxb3 9.Qxb3 Re8 10.Qxb7 Qd7 11.Qb3 Rab8 12.Qc2 h6 13.Nb3 Bb6 14.Nh4 d5 15.
Nf5 dxe4 16.dxe4 Na5 17.Nd2 Rbd8 18.a4 a6 19.b4 Nb7 20.h3 a5 21.Re1 axb4 
22.cxb4 Qd3 23.Qc6 Rb8 24.Ra3 Nd8 25.Qxe8+ Nxe8 26.Rxd3 1-0

[Event "SV Hellas Nauen-SchVgg Blankenese von 1923"]
[Site "?"]
[Date "2024.09.07"]
[Round "1.2"]
[White "Kuhfeldt, Isabell"]
[Black "Seyedfakhari, Elena"]
[Result "0-1"]
[WhiteElo "871"]
[BlackElo "1071"]
[Board "2"]
[WhiteTeam "SV Hellas Nauen"]
[BlackTeam "SchVgg Blankenese von 1923"]
[Annotator "Rnd./Pair./Board: 01.004.02"]

1.e4 e5 2.Nf3 Nc6 3.Bc4 Bc5 4.c3 Nf6 5.d3 d6 6.Be3 O-O 7.Nbd2 Bb6 8.Bxb6 
axb6 9.O-O Bg4 10.h3 Bh5 11.Qe2 Re8 12.Qe3 Qd7 13.Nh4 h6 14.Nf5 Bg6 15.Nh4
Ra7 16.Nxg6 d5 17.Bb3 fxg6 18.Nf3 Kh7 19.Ba4 Rxa4 20.d4 dxe4 21.dxe5 Nxe5 
22.Rad1 Nxf3+ 23.gxf3 Qxh3 24.f4 Qg4+ 25.Kh1 Rxa2 26.b3 Ra3 27.Rg1 Qh5+ 
28.Kg2 Rxb3 29.Rh1 Qg4+ 30.Kh2 Qe6 31.Qg3 Ng4+ 32.Kh3 Nxf2+ 33.Kg2 Nxh1 
34.Rxh1 Rb2+ 35.Kf1 Qc4+ 36.Ke1 Qe2# 0-1

[Event "SV Hellas Nauen-SchVgg Blankenese von 1923"]
[Site "?"]
[Date "2024.09.07"]
[Round "1.4"]
[White "Krafft, Emilia"]
[Black "Du, Vivian"]
[Result "0-1"]
[WhiteElo "600"]
[BlackElo "600"]
[Board "4"]
[WhiteTeam "SV Hellas Nauen"]
[BlackTeam "SchVgg Blankenese von 1923"]
[Annotator "Rnd./Pair./Board: 01.004.04"]

1.e4 e5 2.Nc3 Nc6 3.Nf3 Nf6 4.d3 d5 5.exd5 Nxd5 6.Be2 Bb4 7.Bd2 O-O 8.O-O 
Bf5 9.Nxd5 Qxd5 10.a3 Bc5 11.Be1 Rad8 12.Rc1 Rfe8 13.Ng5 h6 14.Ne4 Bxe4 
15.dxe4 Qxe4 16.Bd2 Qd4 17.c3 Qxd2 18.Qxd2 Rxd2 19.Bc4 e4 20.Rce1 e3 21.
Bb5 exf2+ 22.Rxf2 Rxe1+ 23.Bf1 Bxf2+ 24.Kh1 Rxf1# 0-1

[Event "SC Borussia Lichtenberg-SV "GlÃ¼ck auf" RÃ¼dersdorf"]
[Site "?"]
[Date "2024.09.07"]
[Round "1.1"]
[White "Niehusen, Lia Florentine"]
[Black "Klymenko, Mariia"]
[Result "0-1"]
[WhiteElo "940"]
[BlackElo "1435"]
[Board "1"]
[WhiteTeam "SV "GlÃ¼ck auf" RÃ¼dersdorf"]
[BlackTeam "SC Borussia Lichtenberg"]
[Annotator "Rnd./Pair./Board: 01.005.01"]

1.e4 c6 2.Nc3 d5 3.d3 d4 4.Nce2 e5 5.Nf3 f6 6.c3 c5 7.g3 Bd6 8.c4 Nc6 9.
Bg2 Qc7 10.O-O Be6 11.Bd2 Nge7 12.Qc2 Kd7 13.Rab1 a5 14.a3 h5 15.b3 Rag8 
16.Rb2 g5 17.h4 gxh4 18.Nxh4 Ng6 19.Nf5 Bxf5 20.exf5 Nge7 21.Be4 h4 22.Kh2
hxg3+ 23.Kg2 gxf2+ 24.Ng3 Rh7 25.Kxf2 Rh2+ 26.Kf3 Rh3 27.Rg1 Kd8 28.Be1 
Rg5 29.Qg2 Rh8 30.Ke2 Rhg8 31.Qf3 Nxf5 32.Bxf5 e4 33.Bxe4 Bxg3 34.Bd2 R5g7
35.b4 Bd6 36.Rbb1 Rxg1 37.Rxg1 Rxg1 38.Qxf6+ Qe7 39.Qh8+ Qf8 40.Qh4+ Be7 
41.Qh7 Qf1# 0-1

[Event "SC Borussia Lichtenberg-SV "GlÃ¼ck auf" RÃ¼dersdorf"]
[Site "?"]
[Date "2024.09.07"]
[Round "1.2"]
[White "Szymil, Alicja"]
[Black "Knetsch, Victoria"]
[Result "1-0"]
[WhiteElo "1163"]
[BlackElo "860"]
[Board "2"]
[WhiteTeam "SC Borussia Lichtenberg"]
[BlackTeam "SV "GlÃ¼ck auf" RÃ¼dersdorf"]
[Annotator "Rnd./Pair./Board: 01.005.02"]

1.e4 e5 2.Nf3 Nc6 3.Bc4 Nf6 4.d3 Bc5 5.O-O d6 6.h3 Be6 7.Bb3 h6 8.Be3 Bb6 
9.d4 Nb4 10.c3 Na6 11.d5 Bd7 12.Nbd2 O-O 13.Bxb6 axb6 14.Re1 Bb5 15.c4 Bd7
16.Bc2 Ne8 17.a3 Qf6 18.Nh2 Qg6 19.Kh1 f5 20.Ndf3 Nc5 21.Nh4 Qg5 22.N2f3 
Qh5 23.exf5 Bxf5 24.Nxf5 g6 25.Ng3 Rxf3 26.Nxh5 Rxf2 27.Ng3 Nf6 28.Rf1 Rf4
29.Rxf4 exf4 30.Ne2 Nh5 31.Qf1 Rf8 32.Qf3 c6 33.Qg4 Nf6 34.Qxg6+ Kh8 35.
Nxf4 Rg8 36.Qxf6+ Rg7 37.Qf8+ Rg8 38.Qxh6# 1-0

[Event "SC Borussia Lichtenberg-SV "GlÃ¼ck auf" RÃ¼dersdorf"]
[Site "?"]
[Date "2024.09.07"]
[Round "1.3"]
[White "NÃ¼tzel, Marie"]
[Black "Nuzhnaia, Daria"]
[Result "1/2-1/2"]
[WhiteElo "715"]
[BlackElo "850"]
[Board "3"]
[WhiteTeam "SV "GlÃ¼ck auf" RÃ¼dersdorf"]
[BlackTeam "SC Borussia Lichtenberg"]
[Annotator "Rnd./Pair./Board: 01.005.03"]

1.e4 c5 2.Nf3 Nc6 3.Bc4 Nf6 4.Nc3 d6 5.d3 e6 6.Bg5 Be7 7.Qd2 O-O 8.O-O-O 
h6 9.Bh4 d5 10.e5 Ng4 11.Bb3 Bxh4 12.g3 Bg5 13.Nxg5 hxg5 14.Qe2 Nd4 15.
Qxg4 Nxb3+ 16.axb3 d4 17.Ne2 f6 18.exf6 Qxf6 19.h4 e5 20.Qh5 Qxf2 21.Rd2 
Qe3 22.hxg5 b6 23.g6 Qh6 24.g4 Qxh5 25.Rxh5 Bxg4 26.Rh4 Rf1+ 27.Rd1 Bxe2 
28.Rxf1 Bxf1 29.Kd1 Rf8 30.Kc1 Rf6 31.Rg4 Bh3 32.Rg3 Bf5 33.c3 Bxg6 34.
cxd4 exd4 35.Rg2 Bxd3 36.Kd2 Be4 37.Re2 Bd5 38.Kc2 g5 39.Re8+ Kf7 40.Rh8 
g4 41.Rh4 Rf2+ 42.Kd3 Rxb2 43.Rxg4 Rxb3+ 44.Ke2 Bf3+ 45.Kd2 Bxg4 46.Kc2 
Be6 47.Kd2 a5 48.Kc2 a4 1/2-1/2

[Event "SC Borussia Lichtenberg-SV "GlÃ¼ck auf" RÃ¼dersdorf"]
[Site "?"]
[Date "2024.09.07"]
[Round "1.4"]
[White "Klymenko, Stefaniia"]
[Black "Heimann, Emilia"]
[Result "1-0"]
[WhiteElo "600"]
[BlackElo "600"]
[Board "4"]
[WhiteTeam "SC Borussia Lichtenberg"]
[BlackTeam "SV "GlÃ¼ck auf" RÃ¼dersdorf"]
[Annotator "Rnd./Pair./Board: 01.005.04"]

1.d4 d5 2.Nf3 Nf6 3.Bf4 Nc6 4.Nc3 Nxd4 5.Nxd4 e5 6.Bxe5 Bd6 7.Bxf6 Be7 8.
Bxe7 Qxe7 9.Nxd5 Qd7 10.e4 O-O 11.Qf3 Qe8 12.Qg3 g6 13.Nf6+ Kg7 14.Nxe8+ 
Rxe8 15.f3 c5 16.Bb5 Rd8 17.Qg5 Rxd4 18.Rd1 h6 19.Qe5+ f6 20.Qe7+ Kg8 21.
Rxd4 cxd4 22.Bc4+ Kh8 23.Qf7 Bf5 24.Ke2 Rc8 25.b3 a6 26.Rd1 Rd8 27.c3 b5 
28.Be6 Bxe6 29.Qxe6 Kg7 30.Qe7+ Kg8 31.Qxd8+ Kf7 32.Rxd4 Ke6 33.Qd5+ Ke7 
34.Qd6+ Kf7 35.Qc7+ Ke8 36.Rd8# 1-0

[Event "SC Caissa Falkensee-VfL GrÃ¤fenhainichen"]
[Site "?"]
[Date "2024.09.07"]
[Round "1.1"]
[White "Kuhlmann, Naya"]
[Black "Alnajjar, Sara"]
[Result "1/2-1/2"]
[WhiteElo "1236"]
[BlackElo "1065"]
[Board "1"]
[WhiteTeam "VfL GrÃ¤fenhainichen"]
[BlackTeam "SC Caissa Falkensee"]
[Annotator "Rnd./Pair./Board: 01.006.01"]

1.e4 e5 2.Nf3 Nc6 3.Nc3 Bb4 4.a3 Bxc3 5.dxc3 Nf6 6.Bg5 h6 7.Bh4 d6 8.Bc4 
Be6 9.Be2 g5 10.Bg3 Nxe4 11.Bd3 Nxg3 12.fxg3 f5 13.Nd2 a6 14.Qh5+ Bf7 15.
Qe2 Qd7 16.O-O f4 17.gxf4 gxf4 18.Rxf4 O-O-O 19.Rf2 Kb8 20.Raf1 Be6 21.Bf5
Bxf5 22.Rxf5 Ne7 23.Rf7 Qe8 24.Ne4 Nd5 25.Qc4 c6 26.Qb3 b5 27.c4 Nf4 28.
Rf6 d5 29.cxd5 Rxd5 30.c4 Rd4 31.Nd6 Qe7 32.cxb5 axb5 33.Nxb5 Qxf6 1/2-1/2

[Event "SC Caissa Falkensee-VfL GrÃ¤fenhainichen"]
[Site "?"]
[Date "2024.09.07"]
[Round "1.2"]
[White "Bathmann, Sanaa Maria"]
[Black "Schmegel, Alina"]
[Result "1-0"]
[WhiteElo "802"]
[BlackElo "931"]
[Board "2"]
[WhiteTeam "SC Caissa Falkensee"]
[BlackTeam "VfL GrÃ¤fenhainichen"]
[Annotator "Rnd./Pair./Board: 01.006.02"]

1.e4 e5 2.Nf3 Nc6 3.Nc3 Nf6 4.Bb5 a6 5.Bxc6 dxc6 6.Nxe5 Qe7 7.Nf3 Bg4 8.d3
h6 9.h3 Bh5 10.Bf4 O-O-O 11.g4 Bg6 12.g5 Nh5 13.Be3 Qe6 14.Nd4 Qe5 15.Nf3 
Qa5 16.Qd2 Bb4 17.O-O-O Bxc3 18.Qxc3 Qxa2 19.Qa3 Qxa3 20.bxa3 f6 21.h4 
Rhf8 22.gxf6 Rxf6 23.Ng5 hxg5 24.Bxg5 Rxf2 25.Bxd8 Kxd8 26.Rhg1 Bf7 27.e5 
Nf4 28.Rxg7 Ne2+ 29.Kb2 Be6 30.Rd2 Kc8 31.Re7 Bd5 32.e6 Rh2 33.Re8# 1-0

[Event "SC Caissa Falkensee-VfL GrÃ¤fenhainichen"]
[Site "?"]
[Date "2024.09.07"]
[Round "1.3"]
[White "Strahl, Nele"]
[Black "Dittrich, Aurelia"]
[Result "1/2-1/2"]
[WhiteElo "964"]
[BlackElo "600"]
[Board "3"]
[WhiteTeam "VfL GrÃ¤fenhainichen"]
[BlackTeam "SC Caissa Falkensee"]
[Annotator "Rnd./Pair./Board: 01.006.03"]

1.e4 e5 2.Nf3 Nc6 3.Nc3 Nf6 4.Be2 Bc5 5.O-O d6 6.d3 Bg4 7.Bg5 h6 8.Bh4 O-O
9.Nd5 g5 10.Bg3 Bxf3 11.Bxf3 Nxd5 12.exd5 Nd4 13.Be4 f5 14.Bf3 f4 15.Bxf4 
Rxf4 16.Be4 Qe8 17.Re1 Nb5 18.Re2 Qh5 19.Qf1 Nd4 20.Rd2 Raf8 21.Re1 Nb5 
22.Ree2 Rh4 23.h3 g4 24.Kh2 g3+ 25.Kxg3 Rff4 26.Kh2 1/2-1/2

[Event "SC Caissa Falkensee-VfL GrÃ¤fenhainichen"]
[Site "?"]
[Date "2024.09.07"]
[Round "1.4"]
[White "Schellknecht, Johanna Leni"]
[Black "Philipp, Elaina"]
[Result "1-0"]
[WhiteElo "600"]
[BlackElo "879"]
[Board "4"]
[WhiteTeam "SC Caissa Falkensee"]
[BlackTeam "VfL GrÃ¤fenhainichen"]
[Annotator "Rnd./Pair./Board: 01.006.04"]

1.e4 e5 2.Nf3 Nc6 3.Bc4 Nf6 4.d3 Bc5 5.Nc3 d6 6.h3 O-O 7.O-O Nd4 8.Be3 a6 
9.a3 Ba7 10.b4 Bd7 11.Nd5 Nxd5 12.Bxd5 Be6 13.Bg5 Qe8 14.c3 Nb5 15.Qc1 
Bxd5 16.exd5 Qd7 17.a4 Qf5 18.axb5 axb5 19.Qd1 c6 20.dxc6 bxc6 21.Be7 Rfe8
22.Bxd6 Bb8 23.Rxa8 h6 24.Bxb8 f6 25.Qa1 Qc8 26.Bd6 Qxa8 27.Qxa8 Rxa8 28.
c4 bxc4 29.dxc4 e4 30.Nd4 Rc8 31.b5 cxb5 32.cxb5 Rd8 33.Bc5 Kf7 34.Nc6 Rc8
35.b6 Rxc6 36.b7 Rxc5 37.b8=Q Re5 38.Qc7+ Re7 39.Qc4+ Ke8 40.Qc8+ Kf7 41.
Rd1 Kg6 42.Rd7 Rxd7 43.Qxd7 Kh7 44.Qg4 Kg8 45.Qxe4 Kh8 46.Kf1 Kg8 47.Ke2 
Kh8 48.Kf3 Kg8 49.Kg4 Kh8 50.Kh5 Kg8 51.Kg6 Kh8 52.Qe8# 1-0

[Event "Schachfreunde Hettstedt-Hamburger SK von 1830"]
[Site "?"]
[Date "2024.09.07"]
[Round "1.1"]
[White "GrÃ¶ning, Sophie Marie"]
[Black "MÃ¼ller, Greta Waltraud"]
[Result "0-1"]
[WhiteElo "600"]
[BlackElo "1130"]
[Board "1"]
[WhiteTeam "Hamburger SK von 1830"]
[BlackTeam "Schachfreunde Hettstedt"]
[Annotator "Rnd./Pair./Board: 01.007.01"]

1.e4 e5 2.Nf3 Nc6 3.Bc4 Bc5 4.c3 Nf6 5.d3 O-O 6.O-O d6 7.Re1 Bg4 8.h3 Bh5 
9.Nbd2 Re8 10.Nf1 Qd7 11.Ng3 Bg6 12.Be3 Bb6 13.Nh4 Ne7 14.Rf1 h6 15.Nf3 c6
16.Bb3 c5 17.d4 Qd8 18.Nxe5 dxe5 19.dxe5 Qxd1 20.Rfxd1 Nxe4 21.Rd7 Rab8 
22.Bf4 Bf5 23.e6 Nxg3 24.fxg3 Rbd8 25.exf7+ Kf8 26.fxe8=Q+ Kxe8 27.Rad1 
Rxd7 28.Bd6 c4+ 29.Kf1 cxb3 30.axb3 Bc2 31.Rd2 Bxb3 32.Bf4 Rxd2 33.Bxd2 
Nf5 34.g4 Ng3+ 35.Ke1 Bd5 36.h4 Bxg2 37.g5 hxg5 38.hxg5 Bf3 39.g6 Ke7 40.
Bg5+ Ke6 0-1

[Event "Schachfreunde Hettstedt-Hamburger SK von 1830"]
[Site "?"]
[Date "2024.09.07"]
[Round "1.2"]
[White "Kolditz, Julia"]
[Black "Wartenberg, Adelia"]
[Result "1-0"]
[WhiteElo "1080"]
[BlackElo "810"]
[Board "2"]
[WhiteTeam "Schachfreunde Hettstedt"]
[BlackTeam "Hamburger SK von 1830"]
[Annotator "Rnd./Pair./Board: 01.007.02"]

1.e4 e5 2.Nf3 Nc6 3.Nc3 d6 4.Bb5 a6 5.Bc4 Bg4 6.d3 Nd4 7.O-O Qf6 8.Bg5 
Nxf3+ 9.gxf3 Qxg5 10.fxg4 Nf6 11.f3 h5 12.h3 hxg4 13.hxg4 Qh4 14.Qd2 Qh1+ 
15.Kf2 Qh2+ 16.Ke1 Qg3+ 17.Qf2 Qf4 18.Kd1 Rh2 19.Qe1 Be7 20.Ne2 O-O-O 21.
Nxf4 exf4 22.Qb4 Rdh8 23.Bxf7 Rg2 24.Be6+ Kd8 25.Qxb7 Ke8 26.Qc6+ Kf8 27.
Qa8+ Ne8 28.Bd7 Kf7 29.Qd5+ Kf8 30.Qf5+ Nf6 31.Qg6 Nxd7 32.Qe6 Nc5 33.Qc8+
Kf7 34.Qxh8 Bf6 35.Qh5+ Ke7 36.Qg6 Bxb2 37.Rb1 Bc3 38.Qg5+ Kd7 39.Qf5+ Kc6
40.Qd5+ Kd7 41.Qc4 Rd2+ 42.Kc1 Ba5 43.Qf7+ Kc6 44.Qe8+ Nd7 45.Qa8+ Kc5 46.
Qxa6 Bb4 47.Qa4 c6 48.Qxb4# 1-0